| 000 | 01080nas a2200349 4500 | ||
|---|---|---|---|
| 001 | BR0402518 | ||
| 003 | BR-BrBNA | ||
| 005 | 20231205104552.0 | ||
| 007 | ta | ||
| 008 | 230509b bl.|||p| |||| 00| 00por d | ||
| 040 |
_aBR-BrBNA _bpor _cBiblioteca Nacional de Agricultura |
||
| 041 | _a(Pt) | ||
| 072 | _aF60; U10; P40 | ||
| 100 | 1 | _aTeixeira, A.H. de C. | |
| 100 | 1 | _aBassoi, L.H. | |
| 100 | 1 | _aReis, V.C. da S. | |
| 100 | 1 | _aSilva, T.G.F. da | |
| 100 | 1 | _aFerreira, M. de N.L. | |
| 100 | 1 | _aMaia, J.L.T. | |
| 245 | 1 | _aEstimativa do consumo hídrico da goiabeira, utilizando estações agrometeorológicas automática e convencional | |
| 650 | _aGOIABA | ||
| 650 | _aEVAPOTRANSPIRAÇÃO | ||
| 650 | _aIRRIGAÇÃO | ||
| 650 | _aMICROASPERSÃO | ||
| 650 | _aESTIMATIVA | ||
| 650 | _aMODELO MATEMÁTICO | ||
| 650 | _aBALANÇO DE ENERGIA | ||
| 650 | _aMETEOROLOGIA | ||
| 773 | 0 |
_tRevista Brasileira de Fruticultura (Brazil) _xISSN 0100-2945 _g(Dec 2003), v. 25(3) p. 457-460 _wBR0402518 |
|
| 909 |
_a202311 _bLúcia _c55 _dLúcia Elande |
||
| 942 |
_2AGRIS _n0 _cANA |
||
| 999 |
_c178762 _d178762 |
||